000 00768nam1a22002171i 4500
001 rc\4927067
005 20240724142555.0
035 _a(NLR Aleph) 008844163
090 _a8361073
_c8361073
100 _a20130426d1967 |||y0rusy50 ca
101 0 _arus
102 _aRU
105 _a j |||||
200 1 _aУчебное пособие для подготовки офицеров и служащих органов надзора за измерительными приборами
_e[В 9 кн.]
_eКн. 1-
_fМ-во обороны СССР
210 _aМосква
_cВоениздат
_d1967
215 _d22
333 _aПродаже не подлежит
801 0 _aRU
_bNLR
_gpsbo
801 1 _aRU
_bELAR
_2rusmarc
852 _aNLR
_j50К/8712
942 _cBOOK